Derecho constitucional (Registro nro. 6861)
[ vista simple ]
| 000 -LEADER | |
|---|---|
| fixed length control field | 01040 a2200217 4500 |
| 001 - CONTROL NUMBER | |
| control field | 59965 |
| 005 - DATE AND TIME OF LATEST TRANSACTION | |
| control field | 20260407155852.0 |
| 008 - FIXED-LENGTH DATA ELEMENTS--GENERAL INFORMATION | |
| fixed length control field | 260407a1954 arg spa d |
| 003 - CONTROL NUMBER IDENTIFIER | |
| control field | AR-UNSa-BCEJYS |
| 040 ## - CATALOGING SOURCE | |
| Original cataloging agency | AR-UNSa-BCEJYS |
| Language of cataloging | spa |
| Transcribing agency | AR-UNSa-BCEJYS |
| 080 ## - UNIVERSAL DECIMAL CLASSIFICATION NUMBER | |
| Universal Decimal Classification number | 342 |
| Common auxiliary subdivision | Derecho constitucional (Derecho Público) |
| 041 ## - LANGUAGE CODE | |
| Language code of text/sound track or separate title | spa |
| 100 1# - MAIN ENTRY--PERSONAL NAME | |
| Personal name | Bielsa, Rafael |
| 245 10 - TITLE STATEMENT | |
| Title | Derecho constitucional |
| 250 ## - EDITION STATEMENT | |
| Edition statement | 2a. ed. |
| 264 #1 - PRODUCTION, PUBLICATION, DISTRIBUTION, MANUFACTURE, AND COPYRIGHT NOTICE | |
| Place of production, publication, distribution, manufacture | Buenos Aires : |
| Name of producer, publisher, distributor, manufacturer | Roque Depalma Editor |
| Date of production, publication, distribution, manufacture, or copyright notice | 1954 |
| 300 ## - PHYSICAL DESCRIPTION | |
| Extent | xliv, 703 p. |
| Dimensions | 22 cm. |
| 505 ## - FORMATTED CONTENTS NOTE | |
| Formatted contents note | 1. Nociones preliminares - 2. Derecho constitucional - 3. La constitución - 4. El estado, soberanía y poderes - 5. La soberanía y la organización política - 6. La igualdad ante la ley - 7. Derechos, declaraciones y garantías - 8. Garantías de seguridad y defensa personal - 9. Poder legislativo - 10. Atribuciones del congreso - 11. Poder ejecutivo - 12. Poder judicial - 13. Gobierno nacional - 14. Gobierno provincial - 15. Régimen municipal |
| 590 ## - LOCAL NOTE (RLIN) | |
| Local note | niveau_biblio:m niveau_hierar:0 |
| 942 ## - ADDED ENTRY ELEMENTS (KOHA) | |
| Koha item type | |
| Withdrawn status | Lost status | Damaged status | Not for loan | Home library | Current library | Shelving location | Date acquired | Total checkouts | Full call number | Barcode | Date last seen | Price effective from | Koha item type |
|---|---|---|---|---|---|---|---|---|---|---|---|---|---|
| Biblioteca Prof. Eusebio Cleto del Rey | Biblioteca Prof. Eusebio Cleto del Rey | 07/04/2026 | 342 B587 2ed. | L20424 | 07/04/2026 | 07/04/2026 | Libro | ||||||
| Biblioteca Prof. Eusebio Cleto del Rey | Biblioteca Prof. Eusebio Cleto del Rey | 07/04/2026 | 342 B587 2ed. | L20419 | 07/04/2026 | 07/04/2026 | Libro |